K využití interních modelů v procesu ERM
Príprava a rozvoj interných modelov v procese ERM na meranie kvantitatívnych parametrov v poisťovníctve Solvnecy II, v bankovníctve Bazilej II. Významnou výhodou interného modelu je využitie expertných znalostí vlastného portfólia obchodu, ktorého skladba môže byť často odlišná od nejakých priemerný...
Enregistré dans:
| Auteur principal: | |
|---|---|
| Format: | Chapitre de livre |
| Langue: | tchèque |
| Sujets: | |
| Tags: |
Pas de tags, Soyez le premier à ajouter un tag!
|
MARC
| LEADER | 00000naa$a2200000$$$4500 | ||
|---|---|---|---|
| 001 | 0046564 | ||
| 005 | 20230927102709.1 | ||
| 041 | 0 | |a cze | |
| 044 | |a CZ | ||
| 245 | 1 | 0 | |a K využití interních modelů v procesu ERM |c Vladimír Pulchart |
| 520 | |a Príprava a rozvoj interných modelov v procese ERM na meranie kvantitatívnych parametrov v poisťovníctve Solvnecy II, v bankovníctve Bazilej II. Významnou výhodou interného modelu je využitie expertných znalostí vlastného portfólia obchodu, ktorého skladba môže byť často odlišná od nejakých priemerných parametrov trhu. Kapitálové vybavenie poisťovne. Kapitalizácia poisťovne. Riziká poisťovne - upisovacie (undewriting), úverové, trhové a operačné a ich vplyv na ekonomickú hodnotu. | ||
| 610 | 2 | 0 | |a poisťovníctvo |
| 610 | 2 | 0 | |a bankovníctvo |
| 610 | 2 | 0 | |a primeranosť kapitálová |
| 610 | 2 | 0 | |a portfólio |
| 610 | 2 | 0 | |a riziko operačné |
| 610 | 2 | 0 | |a riziko poistné |
| 610 | 2 | 0 | |a riziko trhové |
| 610 | 2 | 0 | |a riziko úverové |
| 610 | 2 | 0 | |a modelovanie |
| 100 | 1 | |a Pulchart, Vladimír | |